000 00575nam a2200229Ia 4500
003 OSt
005 20220924151920.0
006 a|||||r|||| 00| 0
007 ta
008 220923b |||||||| |||| 00| 0 mar d
024 _a339871
037 _cTextual
040 _aARTS
_cARTS
_bmar
041 _2mar
_amar
082 _aO13,2:g, 155L2
100 _aSavant Au.
_9225274
245 0 _aGreek aani roman rangbhumi
260 _c1972
650 _aGREEK LITERATURE
942 _hO13,2:g, 155L2
_cTEXL
_2CC
999 _c468059
_d468059